000 00567nam a2200181Ia 4500
003 GCL
008 140319s9999 xx 000 0 ara d
040 _aGCL /
_cGCL
082 0 4 _a811.65
_bف ز
100 1 _aفوزى سعد عيسى
245 1 0 _aالزرزوريات : نشأتها وتطويرها فى النثر الاندلسى /
_cفوزى سعد عيسى
300 _a91 ص
490 _aكتاب
_v0
650 0 4 _aالشعر العربى - تاريخ ونقد
650 0 4 _aالزرزوريات
650 0 4 _aالاندلس - ادب
942 _2ddc
_cBK
999 _c41880
_d41880